000 00473nam a2200181Ia 4500
005 20250508151045.0
008 008 250505s9999 xx 000 0 eng d
037 _aTextual
040 _aFEDL
_beng
_cFEDL
041 _aeng
_2eng
084 _a636.2, KAU
_qFEDL
100 _aKaura R L
_9758322
245 0 _aCattle development in the Uttar Pradesh
260 _c1950
300 _axiii,167p.
942 _cTEXL
_h636.2, KAU
999 _c1327316
_d1327316